Lanean...
Agricultural engineering
| Egile nagusia: | |
|---|---|
| Formatua: | Printed Book |
| Hizkuntza: | Undetermined English |
| Argitaratua: |
Allahabad
Saroj Prakashan
1979
|
| Gaiak: |
| LEADER | 00661nam a2200169Ia 4500 | ||
|---|---|---|---|
| 008 | 140306s9999 xx 000 0 und d | ||
| 041 | |a eng | ||
| 082 | |a 631.3 |b RAD/AG | ||
| 100 | |a Radhey, Lal | ||
| 245 | |a Agricultural engineering | ||
| 260 | |a Allahabad |b Saroj Prakashan |c 1979 | ||
| 300 | |a 792 | ||
| 650 | |a Drainage engineering | ||
| 942 | |2 ddc |c BK | ||
| 999 | |c 117160 |d 117160 | ||
| 952 | |0 0 |1 0 |2 ddc |4 0 |6 631_300000000000000_RADAG |7 0 |9 115991 |a KAUHCV |b KAUHCV |d 2004-04-28 |o 631.3 RAD/AG |p KAU_HCV-7161 |r 2014-03-22 |w 2014-03-22 |y BK | ||
| 952 | |0 0 |1 0 |2 ddc |4 0 |6 631_300000000000000_RADAG |7 0 |9 115992 |a KAUHCV |b KAUHCV |d 2004-04-28 |o 631.3 RAD/AG |p KAU_HCV-8763 |r 2014-03-22 |w 2014-03-22 |y BK | ||